Pemburuan dalam peribahasa Arab /
Saved in:
| Main Author: | |
|---|---|
| Format: | Thesis Book |
| Language: | Malay |
| Published: |
2009.
|
| Subjects: | |
| Online Access: | http://studentsrepo.um.edu.my/id/eprint/3255 |
| Tags: |
Add Tag
No Tags, Be the first to tag this record!
|
| LEADER | 01421cam a2200313 a 4500 | ||
|---|---|---|---|
| 001 | u785290 | ||
| 003 | SIRSI | ||
| 005 | 201001221602 | ||
| 008 | 100122s2009 my t 000 0 may m | ||
| 040 | |a UMM |d UMB |d AUM |e rda | ||
| 090 | |a PB12 |b UMP 2009 Wanhwm | ||
| 093 | |a PB12 |b UMP 2009 Wanhwm | ||
| 100 | 0 | |a Wan Hassan Wan Mat. | |
| 245 | 1 | 0 | |a Pemburuan dalam peribahasa Arab / |c Wan Hassan Wan Mat. |
| 260 | |c 2009. | ||
| 300 | |a xviii, 494 leaves : |b ill. ; |c 30 cm. | ||
| 502 | |a Thesis (Ph.D) -- Jabatan Bahasa Arab dan Bahasa-bahasa Timur Tengah, Fakulti Bahasa dan Linguistik, Universiti Malaya, 2009. | ||
| 504 | |a Bibliography: leaves 486-494. | ||
| 530 | |a Also issued in CD. | ||
| 650 | 0 | |a Proverbs, Arabic |x History and criticism. | |
| 650 | 0 | |a Arabic language |x Figures of speech. | |
| 650 | 0 | |a Arabic language |x Rhetoric. | |
| 710 | 2 | |a Universiti Malaya. |b Jabatan Bahasa Arab dan Bahasa-bahasa Timur Tengah. | |
| 856 | 4 | 1 | |u http://studentsrepo.um.edu.my/id/eprint/3255 |
| 900 | |a HA-ZA | ||
| 596 | |a 1 6 25 | ||
| 999 | |a PB12 UMP 2009 WANHWM |w LC |c 1 |i A513758345 |d 10/10/2017 |e 10/10/2017 |f 16/3/2010 |g 1 |l STACKS |m P01UTAMA |n 36 |r Y |s Y |t TESIS |u 16/3/2010 | ||
| 999 | |a PB12 UMP 2009 WANHWM |w LC |c 1 |i A514306749 |d 4/12/2014 |e 4/12/2014 |f 26/3/2010 |g 1 |l STACKS |m P06BAHASA |n 6 |r Y |s Y |t TESIS |u 24/3/2010 | ||
| 999 | |a PB12 UMP 2009 WANHWM |w LC |c 1 |i A515058235 |f 10/4/2023 |g 1 |l STACKS |m P25UMARCHI |r N |s Y |t CD |u 10/4/2023 |1 AHSS |o .STAFF. MST-CD2189 | ||
